Lafcadio Hearn (Record no. 1648)

000 -LEADER
fixed length control field 00560nam a22001937a 4500
005 - DATE AND TIME OF LATEST TRANSACTION
control field 20210423060124.0
008 - FIXED-LENGTH DATA ELEMENTS--GENERAL INFORMATION
fixed length control field 210222s1961 ||||| |||| 00| 0 eng d
040 ## - CATALOGING SOURCE
Original cataloging agency eng
Transcribing agency DLC
041 ## - LANGUAGE CODE
Language code of text/sound track or separate title eng
080 ## - UNIVERSAL DECIMAL CLASSIFICATION NUMBER
Universal Decimal Classification number 821.111
Item number S-84
100 ## - MAIN ENTRY--PERSONAL NAME
9 (RLIN) 1063
Personal name Stevenson, Elizabeth
245 ## - TITLE STATEMENT
Title Lafcadio Hearn
Statement of responsibility, etc. / by: The Macmillan Company
260 ## - PUBLICATION, DISTRIBUTION, ETC.
Place of publication, distribution, etc. New York
Name of publisher, distributor, etc. The Macmillan Company
Date of publication, distribution, etc. 1961
300 ## - PHYSICAL DESCRIPTION
Extent 362 p.
Other physical details ill.
365 ## - TRADE PRICE
Price amount 6.95 usd
650 #0 - SUBJECT ADDED ENTRY--TOPICAL TERM
9 (RLIN) 254
Topical term or geographic name entry element English literature
653 ## - INDEX TERM--UNCONTROLLED
Uncontrolled term ინგლისური ლიტერატურა
942 ## - ADDED ENTRY ELEMENTS (KOHA)
Source of classification or shelving scheme
Koha item type Books
Holdings
Withdrawn status Lost status Source of classification or shelving scheme Damaged status Not for loan Permanent location Current location Date acquired Inventory number Total Checkouts Full call number Barcode Date last seen Price effective from Koha item type
          Ken Walker International University Ken Walker International University 02/22/2021 1250   821.111 S-84 1250 02/22/2021 02/22/2021 Books

Powered by Koha